Rehabititation of workers affected by closure relations of hahardous industrial units in Delhi (Record no. 176003)

MARC details
000 -LEADER
fixed length control field 00664nam a2200205Ia 4500
003 - CONTROL NUMBER IDENTIFIER
control field OSt
005 - DATE AND TIME OF LATEST TRANSACTION
control field 20230607080854.0
008 - FIXED-LENGTH DATA ELEMENTS--GENERAL INFORMATION
fixed length control field 210423s2000 xx 000 0 und d
040 ## - CATALOGING SOURCE
Transcribing agency AL
041 ## - LANGUAGE CODE
Language code of text/sound track or separate title eng
082 ## - DEWEY DECIMAL CLASSIFICATION NUMBER
Classification number 331
Edition number 23
Item number BHAR
100 ## - MAIN ENTRY--PERSONAL NAME
Personal name BHAGAT (M)
9 (RLIN) 120733
245 ## - TITLE STATEMENT
Title Rehabititation of workers affected by closure relations of hahardous industrial units in Delhi
260 ## - PUBLICATION, DISTRIBUTION, ETC.
Place of publication, distribution, etc. New Delhi
Name of publisher, distributor, etc. Sri Ramakrishna math
Date of publication, distribution, etc. 2000
365 ## - TRADE PRICE
Price amount 150
Currency code INR
650 ## - SUBJECT ADDED ENTRY--TOPICAL TERM
Topical term or geographic name entry element Economics
9 (RLIN) 120734
650 ## - SUBJECT ADDED ENTRY--TOPICAL TERM
Topical term or geographic name entry element Labour Economics
9 (RLIN) 120735
906 ## - LOCAL DATA ELEMENT F, LDF (RLIN)
a affected ; closure ; Delhi ; hahardous ; industrial ; Rehabititation ; relations ; units ; workers
942 ## - ADDED ENTRY ELEMENTS (KOHA)
Source of classification or shelving scheme Dewey Decimal Classification
Koha item type Book
Holdings
Withdrawn status Lost status Damaged status Not for loan Collection code Home library Current library Date acquired Source of acquisition Cost, normal purchase price Total Checkouts Full call number Barcode Date last seen Price effective from Koha item type
        MSW St Aloysius PG Library St Aloysius PG Library 01/13/2012 Shri Ram Centre 150.00   331 BHAR PG022706 08/24/2022 04/26/2021 Book